[Event "London Classic 4th"]
[Site "London"]
[Date "2012.12.01"]
[Round "1"]
[White "Jones, Gawain C B"]
[Black "Adams, Michael"]
[Result "0-1"]
[WhiteElo "2644"]
[BlackElo "2710"]
[Annotator "Krasenkow,M"]
[PlyCount "182"]
[EventDate "2012.12.01"]
[EventType "tourn"]
[EventRounds "9"]
[EventCountry "ENG"]
[EventCategory "21"]
[SourceTitle "CBM 152"]
[Source "ChessBase"]
[SourceDate "2013.01.15"]
[SourceVersion "1"]
[SourceVersionDate "2013.01.15"]
[SourceQuality "1"]

1. d4 Nf6 2. c4 e6 3. Nc3 Bb4 4. e3 O-O 5. Nge2 d5 6. a3 Bd6 7. c5 Be7 8. b4 b6
9. Nf4 {This line was explained by GM Victor Gavrikov in annotations to
Rees-Azarov (CBM 110).} c6 {More flexible than} (9... a5) {Black keeps the
option of ...Nb8-d7 and ...e6-e5.} 10. Be2 ({To} 10. Nd3 {Black can return to
the ...a7-a5 plan, with his bishop ready to come out to a6. Here is a classic
example:} a5 11. Bd2 Nbd7 12. Be2 Qc7 13. O-O axb4 14. axb4 Ba6 15. Qc2 Bc4 16.
f4 Qb7 17. Rae1 $6 Ra3 18. f5 {1/2 Aronian,L (2693)-Jakovenko,D (2608)/Warsaw
2005/CBM 108 (106)} {, and now Black could have simply played} exf5 19. Rxf5
bxc5 20. bxc5 Rb8 $36) 10... Nbd7 (10... a5 {is not bad either:} 11. Bd2 (11.
Rb1 Ba6 12. Bxa6 Rxa6 13. O-O axb4 14. axb4 Nbd7 15. Bb2 Qc7 16. Nd3 Rfa8 17.
f3 R6a7 18. Kh1 bxc5 19. bxc5 Rb8 20. Rc1 Qc8 21. Qc2 Rab7 22. Ra1 e5 $11 {
1/2 Epishin,V (2599)-Kasparov,G (2813)/Moscow 2004/CBM 104 (42)}) 11... Ba6 12.
O-O Nbd7 13. Nd3 (13. f3 Qc7 14. Qc2 Bxe2 15. Ncxe2 Ra7 16. Nd3 axb4 17. axb4
Rfa8 18. Qb2 Qb7 19. Rxa7 Rxa7 20. Ra1 Rxa1+ 21. Qxa1 Ne8 22. Be1 {1/2
Tomashevsky,E (2708)-Jakovenko,D (2736)/Moscow 2009/CBM 134}) (13. Bxa6 Rxa6
14. Nd3 Qa8 15. f3 {1/2 Grachev,B (2653)-Romanov,E (2599)/Moscow 2010/CBM 135})
13... Bc4 (13... Qc7 14. f4 Ne4 15. Nxe4 dxe4 16. Nf2 Bxe2 17. Qxe2 axb4 18.
axb4 f5 19. Qc4 Kf7 20. Nxe4 b5 21. Qb3 Rxa1 22. Rxa1 fxe4 23. f5 Kg8 24. Qxe6+
Rf7 25. Qxe4 Qb7 $13 {0-1 Vaisser,A (2522)-Romanov,E (2624)/Aix-les-Bains 2011/
CBM 142 (55)}) 14. Qc2 Qc7 15. Rfb1 axb4 16. axb4 g6 17. f3 Rfc8 18. Be1 Qd8
19. Bf2 Ne8 20. e4 Rxa1 21. Rxa1 Ra8 22. Qc1 Qc8 23. Nd1 Rxa1 24. Qxa1 Qa6 $11
{1/2 Jussupow,A (2566)-Iordachescu,V (2607)/Bad Wiessee 2009/EXT 2010 (99)})
11. Bb2 (11. Nd3 Qc7 12. f4 Ne4 13. Nxe4 dxe4 14. Nf2 f5 15. Bd2 Nf6 16. O-O
Nd5 $15 {1-0 Ganaus,H (2297)-Bitalzadeh,A (2420)/Sarajevo 2010/CBM 136 Extra 
(53)}) 11... Qc7 (11... a5 {is possible here, too, and quite enough for
equality, e.g.} 12. O-O Ba6 13. Bxa6 Rxa6 14. Qe2 Ra8 (14... Qa8 15. Nd3 Qb7
16. Rab1 axb4 17. axb4 Rb8 18. f3 bxc5 19. bxc5 Raa8 $11 {1/2 Shulman,Y (2549)
-Kamsky,G (2717)/San Diego 2004/CBM 105 (69)}) 15. Rfc1 Qc7 16. Nd3 axb4 17.
axb4 Rxa1 18. Rxa1 Qb7 19. f3 Ra8 20. Rc1 bxc5 21. bxc5 Bd8 22. e4 Ba5 $11 {
1/2 Shulman,Y (2648)-Bluvshtein,M (2558)/Montreal 2009/CBM 132 (51)}) {GM
Michael Adams probably wanted to avoid simplifications (like rook exchanges
along the a-file) and get a more complicated position. Therefore he goes for ..
.e6-e5. His ambitious plan works out perfectly: White even fails to keep the
balance!} 12. O-O bxc5 13. bxc5 e5 (13... Rb8 14. Rb1 e5 {is a bit less
accurate:} 15. Nd3 exd4 (15... e4 16. Nb4 a5 17. Na6) 16. exd4 a5 17. Qc2 Re8
18. Bc1 Rxb1 19. Nxb1 Ba6 20. Nc3 Nf8 21. Be3 N6d7 22. Qd2 Bf6 23. Nf4 Bxe2 24.
Ncxe2 g6 25. Rb1 h5 $11 {0-1 Milov,V (2683)-Topalov,V (2757)/Ajaccio 2004/EXT
2005 (64)}) 14. Nd3 ({To} 14. dxe5 Nxe5 15. Qd4 {0-1 Gelfand,B (2733)-Kramnik,
V (2785)/Monte Carlo 2011/CBM 142 (44)} {Black should have rather replied} Ng6
16. Nxg6 hxg6 {with an excellent position, in which White's c5-pawn is very
sick}) 14... e4 15. Nf4 (15. Nb4 a5 {White has no 16.Na6 like in the 13...Rb8
line!} 16. Nc2 h5 17. f4 exf3 18. gxf3 Re8 19. Na4 Ra7 20. Kh1 Nf8 21. Bd3 Bh3
22. Rg1 Bd8 23. Qe1 Qd7 24. Nb6 Qe6 $36 {0-1 Mascaro March,P (2390)-Delchev,A 
(2591)/Benasque 2007/CBM 119 ext (37)}) 15... Re8 16. Rb1 Nf8 $36 {>>} 17. f3 {
White has no active plan, and waiting for Black's attacking avalanche on the
kingside is an unpleasant option. Still, the quiet} (17. Ba1 {was probably
better as the text move weakens White's king and e3-pawn too much.}) 17... exf3
(17... g5 {was quite possible:} 18. Nfxd5 Nxd5 (18... cxd5 $143 19. fxe4 dxe4
20. Rxf6 $1 Bxf6 21. Nd5 Qc6 22. Nxf6+ Qxf6 23. d5 $44 {M.Notkin}) 19. Nxd5
cxd5 20. fxe4 Be6 $1 {, and White's compensation for the piece is hardly
sufficient} ({but not} 20... dxe4 $6 21. Bc4)) {However, Michael Adams prefers
a simple continuation giving him a small but clear plus.} 18. gxf3 (18. Bxf3
Bf5 $17 {[%csl Re3,Re4]}) 18... Bd8 {[%csl Re3]} 19. Bc1 Ng6 20. Nxg6 hxg6 21.
Bd3 Bf5 22. Rf2 Qc8 23. Ne2 Bc7 24. Ng3 Bxd3 25. Qxd3 Qh3 (25... Bxg3 $5 26.
hxg3 Qh3 {M.Notkin}) 26. Qf1 Qh4 27. Qg2 Rab8 28. Rfb2 {White has consolidated
his kingside and now trades both pairs of rooks. Still, even then Black is
better due to his superior bishop.} Rxb2 29. Rxb2 Rb8 30. Rxb8+ Bxb8 {[%mdl
4096]} 31. Bd2 Bc7 32. Be1 Nh7 33. Kf1 Qf6 34. Qe2 Ng5 35. f4 {Another pawn on
a dark square.} (35. Kg2 $5) 35... Ne6 {[%cal Rg6g5]} 36. Kg1 Qe7 37. Kf1 Bd8 (
37... g5 $5 38. f5 Nf8 {[%cal Rf8h7,Rh7f6]}) 38. Qa6 Qd7 39. Ke2 Bh4 40. Kd2
Nf8 41. Ne2 Bxe1+ {A typical motif of exchanging the opponent's "bad" bishop,
which, however, is defending important squares (e3 in this case).} 42. Kxe1 Nh7
43. Kd2 $6 (43. Ng3 Nf6 $36 {[%cal Yf6g4]} (43... g5 44. f5)) 43... g5 $1 {
[%mdl 32]} 44. Ng3 (44. fxg5 Nxg5 {leads to a loss of the h2 pawn. White
decides to weaken his f4 pawn but not to allow Black's knight to g5.}) 44...
gxf4 45. exf4 Nf6 46. f5 Qc7 47. Kc2 Kh7 48. Kb1 Ng4 (48... Qf4 49. Qxc6 Qxd4 {
was also very strong}) 49. Qf1 Kg8 (49... Ne3 $142 $1 {starting a hunt on
White's poorly protected king in addition to his pawn weaknesses, e.g.} 50.
Qh3+ (50. Qf2 Nc4) 50... Kg8 51. Nh5 Qe7 $17 {[%cal Re7e4,Re7g5]} ({but not} 
51... Nc4 $2 52. Qg2)) 50. Qe2 (50. Qf3 $142 Nxh2 $140 $2 51. Qg2 Ng4 $2 52.
Nh5) 50... Nf6 {The knight comes back, and lengthy manoeuvring starts.} (50...
Qf4 $142 $1 51. Qe8+ Kh7 52. Qxf7 Nf6 $1 53. Qxa7 Qxd4 {[%cal Rd4g1]} 54. Qa6
Qxc5 $17 {[%csl Gc6,Gd5] but, of course, it is not easy for Black to go for
this.}) 51. Qa6 Ng4 52. Qe2 Nf6 53. Qa6 Kf8 54. Qd3 (54. Kc2 $142) 54... Qa5 {
Once again missing a chance to play} (54... Qf4 $1 $17) 55. Qe3 Kg8 56. Kb2 Kh7
57. Kc2 Qa6 58. h3 Qb7 59. Qe2 Qd7 60. Kd1 Kg8 61. Qe3 a5 62. Qf3 Qb7 63. Kc2
a4 64. Qe3 Qb8 65. Qf3 Kf8 66. Qe3 Ne8 67. Kc1 Qd8 68. Ne2 Qb8 69. Ng3 Nf6 70.
Kc2 Qb5 71. Kc1 $6 (71. Qd3 $142 $1 {(M.Notkin) as the knight endgame after}
Qxd3+ 72. Kxd3 {is hardly even better for Black.}) 71... Qc4+ 72. Kb2 Qb5+ 73.
Kc1 Qc4+ 74. Kb2 Ne4 75. f6 $6 {A hopeless attempt. The queen ending was poor
but it was the lesser evil:} (75. Nxe4 dxe4 76. Qxe4 Qb3+ 77. Kc1 Qxa3+ 78. Kc2
Qb3+ 79. Kd2 Qxh3 80. Ke2 $17 (80. Qxc6 $4 Qh6+)) 75... Nxf6 76. Nf5 Qb5+ 77.
Kc2 Ne4 78. h4 ({The pawn endgame after} 78. Nd6 Nxd6 79. cxd6 Qb3+ $1 80. Qxb3
axb3+ 81. Kxb3 Ke8 {is winning for Black, e.g.} 82. Kb4 {(otherwise Black
simply captures the d6-pawn)} Kd7 83. Kc5 f5 84. a4 f4 85. a5 f3 86. a6 f2 87.
a7 f1=Q 88. a8=Q Qb5# {(indicated by IM Maxim Notkin)}) 78... Qc4+ 79. Kb2 Qb5+
80. Kc2 Qc4+ 81. Kb2 Qf1 82. Nd6 Qg2+ 83. Kc1 Qh1+ 84. Kb2 Qh2+ 85. Kc1 Qh1+
86. Kb2 Qh2+ 87. Kc1 Nxd6 88. cxd6 Qxd6 89. Qh3 g6 90. Qf3 Kg7 91. Qe3 Qf6 0-1

[Event "WchT 9th"]
[Site "Antalya"]
[Date "2013.12.02"]
[Round "6.3"]
[White "Sokolov, Ivan"]
[Black "Kryvoruchko, Yuriy"]
[Result "1/2-1/2"]
[WhiteElo "2625"]
[BlackElo "2701"]
[Annotator "Krasenkow,M"]
[PlyCount "152"]
[EventDate "2013.11.26"]
[EventType "team-tourn"]
[EventRounds "9"]
[EventCountry "TUR"]
[SourceTitle "CBM 158"]
[Source "ChessBase"]
[SourceDate "2014.01.16"]
[SourceVersion "1"]
[SourceVersionDate "2014.01.16"]
[SourceQuality "1"]
[WhiteTeam "Netherlands"]
[BlackTeam "Ukraine"]
[WhiteTeamCountry "NED"]
[BlackTeamCountry "UKR"]

1. d4 Nf6 2. c4 e6 3. Nc3 Bb4 4. e3 O-O 5. Nge2 Re8 6. a3 Bf8 7. g3 d5 8. Bg2 {
Hardly a good move.} (8. cxd5 {is played more often here}) 8... dxc4 $1 {
A logical continuation. Black plans ...e6-e5.} (8... c6 9. b3 dxc4 (9... Nbd7
10. O-O b6 11. e4 Nxe4 12. Nxe4 dxe4 13. Bxe4 Bb7 14. Qc2 h6 15. Bb2 Qc7 16.
Rad1 c5 17. d5 exd5 18. Bxd5 Bxd5 19. Rxd5 Be7 20. Nf4 $14 {1/2 (36) Prusikin,
M (2569)-Sanz Alonso,F (2409) Evora 2007}) 10. bxc4 e5 11. O-O Nbd7 12. c5 g6
13. Rb1 Bg7 14. Qb3 Nf8 {0-1 (25) Semenenko,S (2184)-Prokuronov,E (2295)
Peterhof 2008} 15. d5 $36) 9. Qa4 Nbd7 (9... Bd7 10. Qxc4 Bc6 {1/2 (41)
Zakharchenko,A (2356)-Stocek,J (2552) Nova Gorica 2004} 11. e4 b5 12. Qd3 $14)
(9... e5 10. dxe5 Nfd7 {should not be enough, e.g.} 11. f4 Nc5 12. Qxc4 Be6 13.
Bd5 Bxd5 14. Qxd5 Qxd5 15. Nxd5 Nba6 16. b4 Nd3+ 17. Kf1 Rad8 18. e4 f6 19. Be3
c6 20. Ndc3 fxe5 21. f5 $14) 10. Qxc4 e5 $1 11. O-O e4 {[%mdl 32] Shutting in
White's g2-bishop. The subsequent structure is quite pleasant for Black.} (
11... c6 $5 12. e4 $6 (12. Qb3 $13) 12... Nb6 13. Qd3 exd4 (13... Bc5 14. Rd1
exd4 15. b4 $13 {0-1 (30) Deutsch,E (2380)-Boruchovsky,A (2441) Jerusalem ISR
2013}) 14. Qxd4 Be6 $15 {[%csl Rb3]}) (11... exd4 $5 {also gives Black a
certain edge, e.g.} 12. Qxd4 Nc5 13. b4 Nb3 14. Qxd8 Rxd8 15. Rb1 Nxc1 16.
Rfxc1 a5 $15 {^^: 1-0 (69) Graf,A (2605)-Wells,P (2529) Gothenburg 2005}) 12.
Qb3 Nb6 13. Qc2 Bf5 14. h3 h5 {[%cal Yd8d7,Yf8d6]} 15. f3 {An attempt to
change the unfavourable course of events.} exf3 16. Qxf5 fxg2 17. Kxg2 Nc4 $15
{Black has two pawn islands against three White's; besides, the e4-square is a
hole in White's position. Black's only drawback is his breakaway h5-pawn but
it is not enough for White to claim equality.} 18. Qf3 {[%cal Ye2f4]} Qe7 19.
Nd5 Nxd5 20. Qxd5 Qe4+ 21. Qxe4 Rxe4 22. Rf3 Rae8 23. Kf2 Nd6 (23... c5 $1 {
was a strong undermining move giving Black a clear advantage.}) 24. Bd2 Nc4 (
24... R4e6 $5 25. Nc3 c6 {[%cal Yf7f5]}) 25. Bc1 c6 26. Nc3 R4e6 27. Ke2 (27.
b3 Nd6 {[%cal Yf7f5]}) 27... g6 (27... Na5 $1 28. Kd3 Nb3 29. Rb1 g6 $17 {
[%csl Rd3,Re3][%cal Yf8h6]}) 28. Kd3 Nd6 29. Bd2 f5 30. Rg1 Ne4 31. g4 {
White tries to lift the blockade.} fxg4 (31... Bh6 $142 $1 32. Nd1 (32. gxf5
Nxd2 33. Kxd2 Bxe3+ 34. Kd3 Bxg1 35. fxe6 Rxe6 $17) 32... fxg4 33. hxg4 h4 34.
Be1 $1 g5 $15 {[%csl Gh4]}) 32. hxg4 Ng5 33. Rff1 {White had an interesting
possibility:} (33. Rf5 $5 Be7 (33... gxf5 $6 34. gxf5) (33... Bh6 34. Rff1 h4
35. e4) 34. Rff1 h4 35. Rh1 Nf7 36. e4 $13) 33... h4 34. Rh1 h3 35. Ne2 (35. e4
Nxe4 36. Nxe4 Rxe4 37. Rf4 Re2 38. Rxh3 Bg7 $15) 35... Re4 $6 {Again it was
appropriate to break White's centre:} (35... c5 $1 {but White could keep the
balance:} 36. Nf4 Rf6 37. Bc3 cxd4 38. Bxd4 Rd6 39. Nxh3 Ne6 40. Nf4 Nxd4 41.
exd4 Bg7 42. Ne2 Rde6 43. Rh2 $11) 36. Nf4 {[%csl Rh3]} Bg7 (36... c5 37. Nxh3
Nxh3 38. Rxh3 Rxg4 39. Rhf3 $14 {[%cal Yd2c3] /=}) 37. b4 a5 {Finally Black
finds the right continuation; however, now he is fighting for a draw.} 38. bxa5
c5 39. dxc5 (39. Nxh3 $5 Nxh3 40. Rxh3 Rxg4 41. Rb1 cxd4 42. e4 $1 Rgxe4 43.
Rxb7 $14 {[%csl Ga5]}) 39... R4e5 40. Nxg6 (40. c6 $1 bxc6 41. Nxg6 $14 {
[%csl Ga5]}) 40... Rd5+ 41. Ke2 Ne4 42. Be1 Rxc5 43. Bb4 (43. Rf5 Rc2+ 44. Kf3
h2 $13) 43... Rc6 $6 (43... Ng3+ $142 44. Kf3 Nxf1 45. Bxc5 Nd2+ 46. Kf4 Kf7
47. Ne7 (47. Nh4 Be5+ 48. Kf5 h2) 47... Ke6 48. e4 Bh6+ 49. g5 Bxg5+ 50. Kxg5
Nxe4+ 51. Kg6 Nxc5 52. Nf5 {with a probable draw}) 44. Ne7+ Rxe7 45. Bxe7 Ng3+
46. Kf3 Nxf1 47. Rxf1 {[%mdl 4096]} Bf6 48. Bxf6 (48. Bb4 $1 h2 49. Rh1 Be5 50.
Be7 $1 Kf7 51. Bg5 Ke6 52. Bf4 $16) 48... Rxf6+ 49. Ke2 Rg6 50. Rh1 Rxg4 51.
Rxh3 Ra4 52. Rh5 Rxa3 {Despite White's extra pawn, the rook ending is now
drawn.} 53. Rb5 Kf8 54. Kf3 Ke8 55. Kf4 Kd8 56. e4 Kc7 57. Ke5 Kc6 58. Rd5 Ra4
59. Kf5 Rb4 60. Re5 Ra4 61. Kf6 Ra1 62. Rf5 Kc7 63. e5 {White has no other
ways to make progress.} Rxa5 64. Rf1 Ra2 65. e6 b5 66. e7 Re2 67. Kf7 Kc6 68.
e8=Q+ Rxe8 69. Kxe8 Kc5 $1 70. Kd7 b4 71. Ke6 b3 72. Ke5 Kc4 73. Rf8 b2 74. Rb8
Kc3 75. Ke4 Kc2 76. Rxb2+ Kxb2 1/2-1/2

[Event "RUS-chT 03rd"]
[Site "Kazan"]
[Date "1995.??.??"]
[Round "4"]
[White "Guliev, Sarhan"]
[Black "Kiselev, Sergey"]
[Result "0-1"]
[WhiteElo "2495"]
[BlackElo "2505"]
[Annotator "Makarichev,S"]
[PlyCount "84"]
[EventDate "1995.??.??"]
[EventType "team-tourn"]
[EventRounds "9"]
[EventCountry "RUS"]
[SourceTitle "CBM 051"]
[Source "ChessBase"]
[SourceDate "1996.04.01"]
[SourceVersion "1"]
[SourceVersionDate "1996.04.01"]
[SourceQuality "1"]
[WhiteTeam "Azov Ladya"]
[BlackTeam "Moscow CSKA"]
[WhiteTeamCountry "RUS"]
[BlackTeamCountry "RUS"]

1. d4 Nf6 2. c4 e6 3. Nc3 Bb4 4. e3 O-O 5. Nge2 d5 6. a3 Be7 7. cxd5 exd5 8. g3
a5 9. Bg2 c6 10. O-O Na6 11. Nf4 Nc7 12. b3 $5 {N/} (12. f3 c5 $1 $132) (12.
Rb1 Bf5 $132) 12... Bd6 $1 13. Nd3 Ne6 $1 {xc5!} (13... Re8 14. f3 $5 $14) 14.
f4 (14. f3 c5 $1) 14... g6 $1 15. g4 $6 (15. f5 $6 Ng5 $15) (15. h3 $5) (15.
Ra2 $5) 15... Nxg4 $3 16. Qxg4 Nxf4 17. Qd1 Nxd3 18. Qxd3 Qh4 19. h3 $8 Bxh3
20. Bxh3 Qxh3 (20... Qg3+ $2 21. Bg2 Qh2+ 22. Kf2 Qg3+ 23. Kg1 $10) 21. Ra2 f5
$1 22. Qd1 Rae8 23. Qf3 Qh4 $4 (23... Qxf3 $142 24. Rxf3 Re6 $17) 24. Nxd5 $1
$16 Re4 $8 (24... cxd5 $2 25. Qxd5+ Kg7 26. Qxd6 $18) 25. Nf4 (25. Nc3 $2 Rg4+
26. Rg2 Bh2+ $1) 25... Rfe8 26. Rg2 Bxf4 $1 27. exf4 Qf6 28. Bb2 $1 Re3 29. Qf2
(29. d5 $5 Qd6 (29... Rxf3 $2 30. Bxf6 Rxb3 31. d6 Rd3 32. Be5 $18) 30. Qd1
Qxd5 31. Qxd5+ cxd5 32. Rc1 $1 Rxb3 (32... Re1+ 33. Rxe1 Rxe1+ 34. Kf2 $16) 33.
Rc7 Ree3 (33... Re1+ 34. Kh2) 34. Rg7+ Kf8 35. Rxh7 Rg3 36. Rxg3 Rxg3+ 37. Kf2
Rb3 38. Be5 $16) (29. Qd1 $5 {- 29.d5}) 29... Qf7 $1 30. d5 $1 (30. Qh4 Qd5
$132) 30... Qxd5 31. Qh4 $16 R8e6 (31... R3e6 $6 32. Qh3 Qc5+ 33. Kh2 Re2 34.
Rfg1 $16) (31... Re2 $4 32. Rxg6+ hxg6 33. Qh8+ Kf7 34. Qf6+ $18) 32. Qh6 Re7
33. Bf6 (33. Be5 $5 Qxb3 $1 34. Kh2 Qd3 $1 $8 (34... Qxa3 $2 35. Rfg1 $18) (
34... Qf7 $2 35. Rd2 $1 (35. Rd1 Rd7 36. Rgd2 Re2+ $1 $13) 35... Rd7 36. Rxd7
Qxd7 37. Rd1 $1 Qe7 38. Rd8+ $1 $18) 35. Rfg1 (35. Rff2 {/\36.Rd2} Rd7 $1 $8
36. Qh4 $1 (36. Rxg6+ $6 hxg6 37. Rg2 Re2 38. Qxg6+ Kf8 39. Qh6+ Ke7 $10 (39...
Ke8 $2 40. Qh5+ $1 Ke7 41. Rxe2 $18)) 36... Qb3 (36... Rf7 $2 37. Rxg6+ $1) 37.
Qf6 $2 Rh3+ 38. Kg1 Rd1+ $19) 35... Re2 36. Rxe2 Qxe2+ 37. Rg2 Qd3 $13) 33...
Rd7 $1 (33... Rf7 $4 34. Rxg6+ $1 $18) 34. Kh2 Qf7 (34... Qxb3 $2 35. Rfg1 $18
{/\36.Rg6!}) 35. Be5 (35. Rxg6+ $4 Qxg6 36. Rg1 Rd2+ 37. Kh1 Qxg1+ $1 38. Kxg1
Re1#) 35... Rdd3 $1 $132 (35... Qxb3 $2 36. Rfg1) (35... Rxb3 $2 36. Rfg1 $18)
36. Qg5 (36. Rfg1 Rh3+ $132 {- 38.Qh6}) 36... Rd7 (36... Qxb3 $4 37. Qf6 $18) (
36... Rxb3 $5 37. Rd1 (37. Qd8+ Qf8 38. Qxa5 $2 Rxa3 $1) 37... Rbd3 38. Rxd3 (
38. Rgd2 $4 Rh3+ 39. Kg2 Qd5+ $19) 38... Rxd3 39. Rg3 $10) 37. Rfg1 Rdd3 $10
38. Rf1 (38. Qh6 $5 Rh3+ $8 39. Qxh3 Rxh3+ 40. Kxh3 Qxb3+ 41. Rg3 Qd5 $1 $132
42. Re3 b5 43. Rge1 Kf7 $1 (43... b4 $2 44. Ba1 $18) 44. Bc3 (44. Bb2 Qd6)
44... Qd6 45. Bxa5 Qxf4 46. Re7+ Kf6 $13 47. Bc3+ Kg5 48. Rg1+ Kh6 49. Bg7+ Kh5
$10) 38... Rd7 39. Rff2 Rdd3 $10 40. Rd2 $4 (40. Rf1 $10) 40... Rh3+ $1 41. Kg1
Qxb3 $19 42. Rxd3 Qxd3 (42... Qxd3 43. Rf2 (43. Qf6 Qd1+ 44. Kf2 Rf3#) 43...
Rg3+) 0-1

[Event "EU-ch 12th"]
[Site "Aix les Bains"]
[Date "2011.03.23"]
[Round "2"]
[White "Ivanisevic, Ivan"]
[Black "Wells, Peter K"]
[Result "1/2-1/2"]
[WhiteElo "2617"]
[BlackElo "2487"]
[Annotator "Marchand,A/Primel,D"]
[PlyCount "57"]
[EventDate "2011.03.22"]
[EventType "swiss"]
[EventRounds "11"]
[EventCountry "FRA"]
[SourceTitle "CBM 142 Extra"]
[Source "ChessBase"]
[SourceDate "2011.06.27"]
[SourceVersion "1"]
[SourceVersionDate "2011.06.27"]
[SourceQuality "1"]
[TimeControl "40/5400+30:1800+30"]

1. d4 Nf6 2. c4 e6 3. Nc3 Bb4 4. e3 O-O (4... c5) 5. Nge2 (5. Bd3 d5 6. Nf3 c5)
5... d5 (5... c6 {La dernière mode} 6. a3 Ba5 7. b4 Bc7 8. Ng3 d5 {Socko,M 
(2486)-Sukandar,I (2372) Khanty-Mansiysk ol (Women) 39th 2010 (7.12) 0-1}) 6.
a3 Be7 (6... Bd6 {L'alternative}) 7. cxd5 (7. Nf4 c6 8. Bd3 Nbd7 9. cxd5 exd5 (
9... Nxd5 10. e4 Nxf4 11. Bxf4 c5 12. d5 Nb6 13. O-O exd5 14. exd5 Bf6) 10. f3
Bd6 11. e4 dxe4 12. fxe4 c5 13. d5 (13. e5 $142 cxd4 14. exf6 dxc3 15. fxg7
Re8+ $13 {Timoshenko}) (13. Nb5 {Lautier,J (2450)-Timoshenko,G (2530) GMA op
Moscow 1989 (3) 0-1}) 13... Re8) 7... Nxd5 (7... exd5 {La grande ligne} 8. g3 (
8. b4)) 8. Bd2 $5 (8. Qc2) 8... Nd7 9. Qc2 (9. g3 {La grande ligne} b6 (9... c5
$142 10. Nxd5 exd5 11. Bg2 Nf6 {CEWN 69}) 10. Nxd5 exd5 11. Bg2 $14 {
Martinovic,S (2515)-Papp,G (2534) Mitropa Cup 29th 2010 (5) 1/2}) 9... N5f6 (
9... c5 $5 10. Nxd5 exd5 11. Nf4 cxd4 12. Nxd5 dxe3 13. Nxe3 Nf6 $11 {
Petrosian,T (2615)-Kortschnoj,V (2695) Candidates qf4 1980 (2) 1/2} (13... Nc5)
) 10. g3 $1 {[%csl Rb7,Rc8][%cal Gf1g2] Le développement du Bc8 pose problème}
c5 (10... e5 $1 {Semble plus simple pour développer le Bc8} 11. Bg2 exd4 12.
Nxd4 {[%cal Gd4f5]} c5 13. Nf5 Ne5 {[%cal Ge5d3]} 14. Nxe7+ Qxe7 15. O-O Rd8 (
15... Be6)) 11. Bg2 cxd4 12. exd4 (12. Nxd4) 12... Nb6 {[%csl Gc4]} 13. O-O
Nbd5 $146 ({RR} 13... Bd7 14. Bxb7 Rb8 15. Bg2 Nc4 16. Rab1 Qb6 17. Bf4 Rbc8
18. Rfd1 Rfd8 19. h3 h6 20. g4 Bc6 21. d5 Nxd5 22. Bxd5 Bxd5 23. Nxd5 exd5 24.
Qf5 g6 25. Qd3 Bf8 26. Nc3 Nxb2 27. Qd2 Rxc3 28. Rxb2 {Martinovic,S (2378)
-Lenic,L (2517)/Nova Gorica 2007/CBM 116 ext/0-1 (47)}) 14. Nf4 Nxc3 (14...
Nxf4 15. Bxf4 Qxd4 16. Rfd1 Qb6 17. Be5 $44) 15. Bxc3 Bd6 16. Nd3 $1 {[%csl
Gc5,Ge5]} Rb8 (16... Nd5) 17. Ne5 Nd5 18. Rfd1 Bd7 19. Be4 Nf6 20. d5 Bxe5 21.
Bxe5 Rc8 22. Bc3 exd5 23. Bxd5 Nxd5 24. Rxd5 Qe7 25. Qd3 Be6 26. Qd4 (26. Re1
$142 {[%cal Ge1e7]}) 26... Rxc3 27. bxc3 Bxd5 28. Qxd5 Rd8 29. Qf3 1/2-1/2